[Event "Elit(Eksjo-Rockaden, Umea)"]
[Site "?"]
[Date "2006.11.19"]
[Round "5"]
[White "Krantz, Christopher"]
[Black "Mardell, Jimmy"]
[Result "1/2-1/2"]
[WhiteElo "2198"]
[BlackElo "2101"]
[PlyCount "87"]
[EventDate "2006.??.??"]

1. e4 c5 2. Nf3 d6 3. d4 cxd4 4. Nxd4 Nf6 5. Nc3 g6 6. Be3 Bg7 7. f3 O-O 8. Qd2
Nc6 9. O-O-O d5 10. exd5 Nxd5 11. Nxc6 bxc6 12. Bd4 Nxc3 13. Qxc3 Bh6+ 14. Be3
Bxe3+ 15. Qxe3 Qb6 16. Qc3 Be6 17. h4 Rad8 18. Rxd8 Rxd8 19. h5 Qd4 20. Qxd4
Rxd4 21. hxg6 hxg6 22. b3 g5 23. Bd3 g4 24. Kd2 gxf3 25. gxf3 Kg7 26. Rg1+ Kf6
27. Rg8 Ke5 28. Ra8 Rd7 29. Ke3 Bd5 30. f4+ Kf6 31. Rc8 e5 32. fxe5+ Kxe5 33.
c4 Bg2 34. Re8+ Kd6 35. Rh8 Kc5 36. Rh2 Re7+ 37. Kd2 Bf3 38. Kc3 a5 39. a3 Bg4
40. Rh8 Ra7 41. Rg8 Be6 42. Rg5+ Kd6 43. Kd4 Ra8 44. Bc2 1/2-1/2

[Event "Elit(Manhem-Linkoping)"]
[Site "?"]
[Date "2006.11.19"]
[Round "5"]
[White "Malesevic, Nedeljko"]
[Black "Akesson, Joel"]
[Result "1/2-1/2"]
[WhiteElo "2340"]
[BlackElo "2366"]
[PlyCount "113"]
[EventDate "2006.??.??"]
[SourceDate "2006.11.28"]

1. d4 Nf6 2. c4 g6 3. Nc3 Bg7 4. e4 d6 5. f4 O-O 6. Nf3 c5 7. d5 e6 8. Be2 exd5
9. exd5 Nh5 10. O-O Bxc3 11. bxc3 Ng7 12. Bd3 f5 13. Be3 Nd7 14. Bf2 Nf6 15.
Bh4 Qc7 16. h3 Bd7 17. Nd2 Rae8 18. Qf3 Qa5 19. Nb3 Qc7 20. Rae1 Ngh5 21. Nd2
Qa5 22. Bb1 Qa3 23. Rc1 Qb2 24. Qd3 Nxf4 25. Qc2 Qxc2 26. Rxc2 N4h5 27. Rb2 b6
28. Bc2 Re3 29. Rf3 Rfe8 30. Bf2 Rxf3 31. Nxf3 Nf4 32. Kf1 Ne4 33. Be1 Nh5 34.
Bxe4 fxe4 35. Ng1 Nf4 36. Bg3 Nd3 37. Rd2 Ne5 38. Bxe5 Rxe5 39. Ke2 b5 40. cxb5
Bxb5+ 41. Ke3 Bc4 42. Ne2 g5 43. Ng3 Bxd5 44. c4 Bxc4 45. Rxd6 Bxa2 46. Ra6 Bf7
47. Rxa7 Bg6 48. Rc7 Kf8 49. Nf1 Rd5 50. Ke2 Be8 51. Ne3 Bb5+ 52. Ke1 Rd3 53.
Kf2 Rd2+ 54. Kg3 Rd3 55. Kf2 Rd2+ 56. Kg3 Rd3 57. Kf2 1/2-1/2

[Event "Elit(Manhem-Linkoping)"]
[Site "?"]
[Date "2006.11.19"]
[Round "5"]
[White "Nithander, Victor"]
[Black "Wickstrom, Lucas"]
[Result "1-0"]
[WhiteElo "2401"]
[BlackElo "2144"]
[PlyCount "73"]
[EventDate "2006.??.??"]

1. e4 c5 2. Nf3 Nc6 3. d4 cxd4 4. Nxd4 Nf6 5. Nc3 g6 6. Be3 Bg7 7. Nxc6 bxc6 8.
e5 Ng8 9. Bd4 e6 10. Ne4 f5 11. exf6 Nxf6 12. Nd6+ Kf8 13. Qf3 Kg8 14. O-O-O
Qe7 15. Bc5 Rb8 16. Ba3 Nd5 17. c4 Nb4 18. Bxb4 Rxb4 19. Nxc8 Qg5+ 20. Qe3
Bxb2+ 21. Kc2 Qf5+ 22. Rd3 Bf6 23. Nd6 Rb2+ 24. Kc1 Qa5 25. Ne4 Be5 26. Rxd7 h5
27. Rxa7 Qb4 28. Nf6+ Kf8 29. Qc5+ Qxc5 30. Nd7+ Ke7 31. Nxc5+ Kf6 32. Nd7+ Kf5
33. Bd3+ Kf4 34. g3+ Kg5 35. h4+ Kh6 36. Nxe5 Rhb8 37. Bxg6 1-0

[Event "Elit(Manhem-Linkoping)"]
[Site "?"]
[Date "2006.11.19"]
[Round "5"]
[White "Rosberg, Simon"]
[Black "Olausson, Claes-Goran"]
[Result "1-0"]
[WhiteElo "2196"]
[BlackElo "2396"]
[PlyCount "89"]
[EventDate "2006.??.??"]

1. d4 d5 2. c4 c6 3. Nf3 Nf6 4. Qb3 dxc4 5. Qxc4 Bf5 6. g3 e6 7. Bg2 Be7 8. O-O
O-O 9. Nc3 Nbd7 10. e3 Ne4 11. Qe2 Nxc3 12. bxc3 Be4 13. Ne1 Bxg2 14. Nxg2 Qa5
15. Bd2 c5 16. e4 cxd4 17. cxd4 Qa4 18. Be3 Rac8 19. Rab1 b6 20. Qb5 Qxb5 21.
Rxb5 Rc4 22. Rd1 Rfc8 23. Rb2 Rc2 24. Rxc2 Rxc2 25. Ra1 Ba3 26. Ne1 Rc3 27. Kg2
Nf6 28. Kf3 b5 29. Rd1 Kf8 30. Rd3 Rxd3 31. Nxd3 Nd7 32. d5 a6 33. dxe6 fxe6
34. e5 Kf7 35. Ke4 Be7 36. f4 Nb8 37. g4 g6 38. f5 gxf5+ 39. gxf5 exf5+ 40.
Kxf5 Nc6 41. e6+ Ke8 42. Ke4 Bf8 43. Bd2 Kd8 44. Kd5 Ne7+ 45. Kc5 1-0

[Event "Elit(Manhem-Linkoping)"]
[Site "?"]
[Date "2006.11.19"]
[Round "5"]
[White "Andersson, Bjorn"]
[Black "Axelsson, Tom"]
[Result "1/2-1/2"]
[WhiteElo "2330"]
[BlackElo "2072"]
[PlyCount "100"]
[EventDate "2006.??.??"]

1. e4 Nf6 2. e5 Nd5 3. d4 d6 4. c4 Nb6 5. exd6 exd6 6. Nc3 Be7 7. h3 O-O 8. Bd3
Nc6 9. Nf3 Nb4 10. Bb1 d5 11. c5 Nc4 12. O-O Bf6 13. a3 Nc6 14. b3 N4a5 15. Ra2
Be6 16. Re1 Qd7 17. Bf4 g6 18. Rae2 a6 19. Ba2 b6 20. cxb6 cxb6 21. Na4 Qa7 22.
Ne5 b5 23. Nc5 b4 24. axb4 Nxb4 25. Qd2 Nac6 26. Nxc6 Nxc6 27. Nxe6 fxe6 28.
Rxe6 Qd7 29. b4 Rad8 30. Rd6 Qxd6 31. Bxd6 Rxd6 32. Qf4 Rdd8 33. Qg4 Nxd4 34.
Rd1 Nb5 35. Rxd5 Kg7 36. Rd7+ Kh6 37. Qe6 Rxd7 38. Qxd7 Bd4 39. Kh2 Be5+ 40.
Kg1 Bd4 41. Bf7 Bxf2+ 42. Kxf2 Kg7 43. Ke3 Rxf7 44. Qe6 Rf6 45. Qe7+ Rf7 46.
Qe5+ Rf6 47. Qe7+ Rf7 48. Qe5+ Rf6 49. g4 Kf7 50. Qd5+ Re6+ 1/2-1/2

[Event "Elit(Manhem-Linkoping)"]
[Site "?"]
[Date "2006.11.19"]
[Round "5"]
[White "Carlsson, Ingvar"]
[Black "Moberg, Karl Johan"]
[Result "0-1"]
[WhiteElo "2085"]
[BlackElo "2325"]
[PlyCount "62"]
[EventDate "2006.??.??"]

1. e4 e5 2. Nf3 Nc6 3. Bc4 Nf6 4. Ng5 d5 5. exd5 Na5 6. Bb5+ c6 7. dxc6 bxc6 8.
Be2 h6 9. Nh3 Bc5 10. d3 O-O 11. O-O Nb7 12. Kh1 Nd6 13. Nc3 Bxh3 14. gxh3 Nd5
15. Bf3 Nf5 16. Nxd5 cxd5 17. c4 dxc4 18. Be4 Nd6 19. Bd5 cxd3 20. Qxd3 e4 21.
Qg3 Qf6 22. Bxa8 Rxa8 23. Be3 Bxe3 24. fxe3 Qe6 25. Rad1 Nf5 26. Qf4 g6 27. b3
h5 28. Rc1 a5 29. Rc5 a4 30. Re5 Qa6 31. Qxe4 Qxf1# 0-1

[Event "Elit(Manhem-Linkoping)"]
[Site "?"]
[Date "2006.11.19"]
[Round "5"]
[White "Schneider, Lars-Ake"]
[Black "Klashed, Martin"]
[Result "1/2-1/2"]
[WhiteElo "2338"]
[BlackElo "2124"]
[PlyCount "89"]
[EventDate "2006.??.??"]

1. Nf3 Nf6 2. g3 b6 3. Bg2 Bb7 4. O-O e6 5. c4 c5 6. Nc3 Be7 7. Re1 O-O 8. e4
d6 9. d4 cxd4 10. Nxd4 Qc8 11. Be3 Nbd7 12. Rc1 a6 13. f4 Qc7 14. f5 e5 15. Nd5
Qd8 16. Nc2 Nxd5 17. cxd5 Bg5 18. Qd2 Bxe3+ 19. Nxe3 b5 20. Kh1 Qb6 21. f6 Nxf6
22. Nf5 Ne8 23. Qg5 Qd8 24. Ne7+ Kh8 25. Qh4 g5 26. Qxg5 f6 27. Ng6+ hxg6 28.
Qh6+ Kg8 29. Qxg6+ Ng7 30. Bh3 f5 31. Bxf5 Rxf5 32. exf5 Bxd5+ 33. Kg1 Bf7 34.
Qg4 Qb6+ 35. Kg2 Bd5+ 36. Kh3 Rf8 37. Rf1 Qb7 38. Rf2 Rf6 39. Qg5 Kf7 40. g4
Qb8 41. Rfc2 Ne8 42. Qh5+ Kg7 43. Qg5+ Kf7 44. Qh5+ Kg7 45. Qg5+ 1/2-1/2

[Event "Elit(Manhem-Linkoping)"]
[Site "?"]
[Date "2006.11.19"]
[Round "5"]
[White "Fransson, Jorgen"]
[Black "Kinnmark, Ove"]
[Result "1/2-1/2"]
[WhiteElo "2069"]
[BlackElo "2283"]
[PlyCount "81"]
[EventDate "2006.??.??"]

1. d4 Nf6 2. Nf3 e6 3. c4 Bb4+ 4. Nbd2 O-O 5. a3 Bxd2+ 6. Qxd2 d6 7. e3 Qe7 8.
Be2 e5 9. Qc2 Bg4 10. d5 c6 11. dxc6 Nxc6 12. O-O Rac8 13. Qd1 Rfd8 14. b4 a5
15. Bd2 b6 16. Qe1 Ra8 17. h3 Bh5 18. bxa5 Nxa5 19. Bxa5 Rxa5 20. Qb4 Qc7 21.
Rab1 Rb8 22. Rfd1 Ne4 23. Rb2 h6 24. Rdb1 Rba8 25. Qxb6 Qxb6 26. Rxb6 Rxa3 27.
g4 Bg6 28. Bf1 Ra1 29. Bd3 R8a3 30. Rxa1 Rxa1+ 31. Kg2 Rc1 32. Nh4 Rc3 33. Bxe4
Bxe4+ 34. f3 Bc2 35. Rxd6 Rxc4 36. Rd8+ Kh7 37. Rd7 Bg6 38. Re7 f6 39. Nxg6
Kxg6 40. Kg3 Rc3 41. e4 1/2-1/2

[Event "Elit(Manhem-Linkoping)"]
[Site "?"]
[Date "2006.11.19"]
[Round "5"]
[White "Sagit, Rauan"]
[Black "Halvarsson, Peter"]
[Result "1-0"]
[WhiteElo "2294"]
[BlackElo "1974"]
[PlyCount "37"]
[EventDate "2006.??.??"]

1. e4 c5 2. Nf3 Nc6 3. c3 g6 4. d4 cxd4 5. cxd4 d5 6. exd5 Qxd5 7. Nc3 Qd8 8.
d5 Nb8 9. Bb5+ Nd7 10. O-O a6 11. Bxd7+ Bxd7 12. Bg5 f6 13. Bh4 Nh6 14. Re1 Kf7
15. d6 e6 16. Ne4 Bg7 17. Ne5+ Ke8 18. Nxd7 Kxd7 19. Nc5+ 1-0

[Event "Elit(Skara-LASK)"]
[Site "?"]
[Date "2006.11.19"]
[Round "5"]
[White "Olsson, Linus"]
[Black "Hillarp Persson, Tiger"]
[Result "0-1"]
[WhiteElo "2433"]
[BlackElo "2600"]
[PlyCount "112"]
[EventDate "2006.??.??"]
[SourceDate "2006.11.28"]

1. d4 d5 2. c4 c6 3. Nf3 Nf6 4. Nc3 e6 5. Bg5 dxc4 6. e4 b5 7. e5 h6 8. Bh4 g5
9. Nxg5 hxg5 10. Bxg5 Nbd7 11. g3 Bb7 12. Bg2 Qc7 13. exf6 c5 14. O-O Bxg2 15.
Kxg2 O-O-O 16. Qf3 b4 17. Bf4 Qb7 18. Ne4 Nxf6 19. Be5 Nxe4 20. Bxh8 cxd4 21.
Rfc1 c3 22. bxc3 dxc3 23. Rc2 Bh6 24. Be5 Qd5 25. Re1 f5 26. Bf4 Bxf4 27. Qxf4
Nc5+ 28. Qf3 a5 29. h4 Kc7 30. h5 Rh8 31. Rh1 Rh6 32. Rh4 Kc6 33. Rc1 Qxf3+ 34.
Kxf3 Nd3 35. Rd1 e5 36. Rxd3 e4+ 37. Ke3 exd3 38. Kxd3 Kb5 39. Kc2 Ka4 40. f3
Ka3 41. g4 fxg4 42. fxg4 Kxa2 43. g5 Rc6 44. Kc1 Ka3 45. h6 b3 46. h7 Re6 47.
Kd1 c2+ 48. Kd2 Rd6+ 49. Ke2 c1=Q 50. h8=Q Qd1+ 51. Ke3 Rd3+ 52. Kf4 Qf3+ 53.
Ke5 Rd5+ 54. Ke6 Qf5+ 55. Ke7 Rd7+ 56. Ke8 Qf7# 0-1

[Event "Elit(Skara-LASK)"]
[Site "?"]
[Date "2006.11.19"]
[Round "5"]
[White "Djurhuus, Rune"]
[Black "Tikkanen, Hans"]
[Result "1-0"]
[WhiteElo "2575"]
[BlackElo "2402"]
[PlyCount "93"]
[EventDate "2006.??.??"]

1. e4 c5 2. Nf3 Nc6 3. Bb5 g6 4. c3 Nf6 5. Qe2 Qb6 6. Na3 d5 7. exd5 Nxd5 8. d4
e6 9. c4 Nc7 10. d5 Nxb5 11. Nxb5 a6 12. dxc6 axb5 13. cxb7 Qxb7 14. Qe5 f6 15.
Qxf6 Bg7 16. Qf4 Ra4 17. O-O Rxc4 18. Qd6 Qd5 19. Bf4 Qxd6 20. Bxd6 Bb7 21. Ne5
Bxe5 22. Bxe5 Rf8 23. Rac1 Rg4 24. Bg3 c4 25. Rfd1 Bd5 26. f3 Rg5 27. Rc3 Kf7
28. Ra3 Kg8 29. Ra5 b4 30. Rc1 Re8 31. Ra4 Rf5 32. Rxb4 Rf7 33. a4 Ra8 34. Ra1
Rb7 35. Rxb7 Bxb7 36. a5 Ba6 37. Rd1 Bb5 38. Be1 Kf7 39. Rd6 Ra6 40. Rd8 h5 41.
Kf2 Ke7 42. Rb8 Ba4 43. Ke3 e5 44. Bc3 Ke6 45. Rb4 Bc6 46. Rxc4 Kd5 47. Re4 1-0

[Event "Elit(Skara-LASK)"]
[Site "?"]
[Date "2006.11.19"]
[Round "5"]
[White "Niklasson, Christer"]
[Black "Eklund, Lars-Goran"]
[Result "1/2-1/2"]
[WhiteElo "2413"]
[BlackElo "2374"]
[PlyCount "39"]
[EventDate "2006.??.??"]

1. d4 d5 2. c4 c6 3. Nc3 Nf6 4. e3 e6 5. Nf3 Nbd7 6. Qc2 Bd6 7. b3 O-O 8. Be2
Re8 9. O-O a6 10. Bb2 Qe7 11. e4 dxe4 12. Nxe4 Nxe4 13. Qxe4 Ba3 14. Bc3 Bb4
15. Bd3 Nf6 16. Qe1 Bxc3 17. Qxc3 c5 18. dxc5 Qxc5 19. b4 Qc7 20. Qe5 1/2-1/2

[Event "Elit(Skara-LASK)"]
[Site "?"]
[Date "2006.11.19"]
[Round "5"]
[White "Andersson, Goran"]
[Black "Semcesen, Daniel"]
[Result "0-1"]
[WhiteElo "2217"]
[BlackElo "2369"]
[PlyCount "68"]
[EventDate "2006.??.??"]

1. Nf3 d5 2. d4 Nf6 3. c4 c6 4. Nc3 a6 5. c5 Bg4 6. Ne5 Bf5 7. h3 h6 8. g4 Bh7
9. Bf4 e6 10. e3 Nbd7 11. Bd3 Bxd3 12. Nxd3 Be7 13. b4 Qc8 14. O-O O-O 15. a4
Ne4 16. Ne2 f5 17. f3 Ng5 18. Kg2 Nf7 19. Bh2 Bg5 20. Nef4 Re8 21. Re1 e5 22.
Ng6 fxg4 23. fxg4 Bf6 24. dxe5 Ndxe5 25. Ngxe5 Nxe5 26. Nxe5 Bxe5 27. Rb1 Bxh2
28. Kxh2 Re4 29. b5 axb5 30. axb5 Qe6 31. bxc6 bxc6 32. Ra1 Re8 33. Qb3 Qe5+
34. Kg2 Rb8 0-1

[Event "Elit(Skara-LASK)"]
[Site "?"]
[Date "2006.11.19"]
[Round "5"]
[White "Lund, Esben"]
[Black "Friberg, Hans"]
[Result "1-0"]
[WhiteElo "2342"]
[BlackElo "2256"]
[PlyCount "63"]
[EventDate "2006.??.??"]

1. d4 Nf6 2. c4 g6 3. Nc3 Bg7 4. e4 d6 5. Be2 O-O 6. Nf3 e5 7. O-O Nc6 8. d5
Ne7 9. Ne1 Ne8 10. Nd3 f5 11. Bd2 Nf6 12. f3 f4 13. c5 g5 14. Rc1 Rf7 15. cxd6
cxd6 16. Nb5 Ng6 17. Qc2 Ne8 18. a4 h5 19. Nf2 Bd7 20. h3 Bf8 21. a5 Nh4 22.
Qb3 Rg7 23. Be1 a6 24. Na3 Nf6 25. Qd1 g4 26. fxg4 hxg4 27. hxg4 Nxg2 28. Kxg2
Nxg4 29. Nxg4 Bxg4 30. Bxg4 Qg5 31. Rg1 f3+ 32. Kf1 1-0

[Event "Elit(Skara-LASK)"]
[Site "?"]
[Date "2006.11.19"]
[Round "5"]
[White "Jacobsson, Erik"]
[Black "Dragicevic, Drazen"]
[Result "0-1"]
[WhiteElo "2142"]
[BlackElo "2275"]
[PlyCount "40"]
[EventDate "2006.??.??"]

1. e4 c5 2. Nf3 Nc6 3. Nc3 Nf6 4. Bb5 Nd4 5. e5 Nxb5 6. Nxb5 Nd5 7. Ng5 f6 8.
Qh5+ g6 9. Qf3 Nb4 10. exf6 exf6 11. Nc7+ Qxc7 12. Qxf6 d6 13. Kd1 Qg7 14. Re1+
Kd7 15. Qf3 Be7 16. Ne6 Qf6 17. Qe2 Kc6 18. Nxc5 dxc5 19. Qxe7 Qxf2 20. Qe4+
Kb6 0-1

[Event "Elit(Skara-LASK)"]
[Site "?"]
[Date "2006.11.19"]
[Round "5"]
[White "Riis, Jens"]
[Black "Lofgren, Pontus"]
[Result "1-0"]
[WhiteElo "2291"]
[BlackElo "1764"]
[PlyCount "93"]
[EventDate "2006.??.??"]

1. d4 Nf6 2. Nf3 c5 3. c3 g6 4. Bf4 Bg7 5. e3 O-O 6. Nbd2 cxd4 7. exd4 d6 8.
Bc4 Bf5 9. O-O a6 10. Re1 b5 11. Bb3 Nbd7 12. a4 b4 13. cxb4 Nb6 14. Bg5 Ra7
15. Nc4 Nbd5 16. b5 axb5 17. axb5 Qb8 18. Rxa7 Qxa7 19. Ne3 Be4 20. Nxd5 Bxd5
21. Bxd5 Nxd5 22. Qd2 Rb8 23. Rc1 Qa4 24. Qd3 h6 25. Bd2 Rxb5 26. Qa3 Qb3 27.
Qxb3 Rxb3 28. Bc3 Nf4 29. Kf1 h5 30. Bd2 Nd5 31. Rc8+ Kh7 32. Ng5+ Kh6 33.
Nxf7+ Kh7 34. Ng5+ Kh6 35. Bc1 Bf6 36. Nf3+ Kg7 37. Rc2 Rb4 38. Bd2 Ra4 39. Ke2
Kf7 40. g3 Bxd4 41. b3 Ra6 42. Nxd4 Rb6 43. Rb2 e5 44. Nc2 Ke6 45. b4 Nf6 46.
b5 d5 47. f4 1-0

[Event "Elit(Skara-LASK)"]
[Site "?"]
[Date "2006.11.19"]
[Round "5"]
[White "Johansson, Olle"]
[Black "Gajic, Mladen"]
[Result "0-1"]
[WhiteElo "1748"]
[BlackElo "2283"]
[PlyCount "98"]
[EventDate "2006.??.??"]

1. d4 d5 2. c4 c6 3. Nf3 Nf6 4. Nc3 e6 5. Bg5 h6 6. Bh4 dxc4 7. e4 g5 8. Bg3 b5
9. a3 Bb7 10. Be2 Nbd7 11. h4 g4 12. Ne5 Rg8 13. Nxg4 Nh5 14. Be5 Nhf6 15. Bg3
Qb6 16. Nxf6+ Nxf6 17. e5 Nd7 18. Bh5 Rg7 19. Bf4 O-O-O 20. Bxh6 Nxe5 21. Bxg7
Nd3+ 22. Kf1 Bxg7 23. Qe2 Qxd4 24. Rh3 Nf4 25. Rd1 Nxe2 26. Rxd4 Nxd4 27. Bxf7
Rf8 28. Bg6 c5 29. h5 Bh6 30. g4 Rf3 31. Rxf3 Bxf3 32. Ne4 Bxe4 33. Bxe4 Kc7
34. Kg2 e5 35. Bg6 a5 36. Bf7 Kd6 37. a4 Ke7 38. Bd5 Kd6 39. Bf7 Kc6 40. Be8+
Kb6 41. axb5 Nxb5 42. Bf7 c3 43. bxc3 Nxc3 44. Kg3 a4 45. Kf3 e4+ 46. Kg3 a3
47. f4 Ne2+ 48. Kf2 Nxf4 49. Ke3 Nd5+ 0-1

[Event "Elit(Limhamn-Astorp)"]
[Site "?"]
[Date "2006.11.19"]
[Round "5"]
[White "Johansson, Mikael"]
[Black "Jepson, Christian"]
[Result "1/2-1/2"]
[WhiteElo "2370"]
[BlackElo "2457"]
[PlyCount "53"]
[EventDate "2006.??.??"]
[SourceDate "2006.11.28"]

1. e4 e5 2. Nf3 Nc6 3. Bb5 Nf6 4. d3 d6 5. c3 Bd7 6. Nbd2 g6 7. Nf1 Bg7 8. h3
Nh5 9. Ng3 Nxg3 10. fxg3 Qe7 11. Bg5 f6 12. Be3 Nd8 13. Bxd7+ Qxd7 14. Qb3 Qe6
15. g4 O-O 16. O-O a5 17. Qxe6+ Nxe6 18. a4 Rad8 19. c4 Rf7 20. Rfb1 Bf8 21.
Bd2 b6 22. Be3 Be7 23. Rf1 Nc5 24. Bxc5 bxc5 25. Ra3 Rb8 26. Nd2 c6 27. b3
1/2-1/2

[Event "Elit(Limhamn-Astorp)"]
[Site "?"]
[Date "2006.11.19"]
[Round "5"]
[White "Hector, Jonny"]
[Black "Sjodahl, Pontus"]
[Result "1-0"]
[WhiteElo "2635"]
[BlackElo "2471"]
[PlyCount "69"]
[EventDate "2006.??.??"]

1. e4 e6 2. d4 d5 3. Nc3 Bb4 4. Nge2 dxe4 5. a3 Be7 6. g4 e5 7. h3 exd4 8. Qxd4
Nc6 9. Qxe4 Nf6 10. Qg2 O-O 11. Be3 Re8 12. Nf4 Bc5 13. Bd3 Qd6 14. O-O-O Rxe3
15. fxe3 Bxe3+ 16. Kb1 Qxf4 17. Rhf1 Qg5 18. Ne4 Qh4 19. Nxf6+ gxf6 20. Qe4 Bg5
21. Qe8+ Kg7 22. Bb5 Rb8 23. Bxc6 bxc6 24. Rd8 Ba6 25. Rxb8 Bxf1 26. b3 f5 27.
Qg8+ Kf6 28. Rf8 Ke5 29. Qxf7 Bg2 30. Qxc7+ Kd4 31. Rxf5 Qe1+ 32. Ka2 Qe7 33.
Qg3 Bd5 34. Qd3+ Kc5 35. c4 1-0

[Event "Elit(Limhamn-Astorp)"]
[Site "?"]
[Date "2006.11.19"]
[Round "5"]
[White "Jakobsen, Ole"]
[Black "Brynell, Stellan"]
[Result "1/2-1/2"]
[WhiteElo "2370"]
[BlackElo "2624"]
[PlyCount "70"]
[EventDate "2006.??.??"]

1. d4 e6 2. Nf3 Nf6 3. c4 b6 4. Nc3 Bb4 5. Qb3 a5 6. Bg5 h6 7. Bxf6 Qxf6 8. e3
Bb7 9. Be2 d6 10. O-O Bxc3 11. Qxc3 Nd7 12. Nd2 O-O 13. Bf3 Bxf3 14. Nxf3 Qg6
15. Nd2 e5 16. f4 exd4 17. exd4 Rae8 18. Rae1 Qf5 19. g3 Nf6 20. Kg2 h5 21. Nf3
Ne4 22. Qc1 d5 23. b3 c5 24. dxc5 Nxc5 25. Rxe8 Rxe8 26. Re1 Re4 27. Qd2 Rxe1
28. Qxe1 Ne4 29. cxd5 Qxd5 30. Qe3 b5 31. Qd4 Qc6 32. Qd8+ Kh7 33. Qd3 g6 34.
Ne5 Qb7 35. Qd7 Qxd7 1/2-1/2

[Event "Elit(Limhamn-Astorp)"]
[Site "?"]
[Date "2006.11.19"]
[Round "5"]
[White "Holst, Conny"]
[Black "Ivarsson, Stefan"]
[Result "1-0"]
[WhiteElo "2241"]
[BlackElo "2293"]
[PlyCount "69"]
[EventDate "2006.??.??"]

1. d4 f5 2. Nf3 Nf6 3. g3 g6 4. Bg2 Bg7 5. O-O O-O 6. c4 d6 7. Nc3 Nc6 8. d5
Ne5 9. Nxe5 dxe5 10. c5 h6 11. Qb3 Kh8 12. Rd1 g5 13. a4 a6 14. Qc4 Qe8 15. b4
Qh5 16. Bb2 Ng4 17. h3 Nf6 18. d6 exd6 19. cxd6 cxd6 20. Rxd6 f4 21. g4 Bxg4
22. Rxf6 Bxf6 23. hxg4 Qxg4 24. Nd5 Bg7 25. Ne7 Rfe8 26. Qf7 Rxe7 27. Qxe7 Qxe2
28. Bc3 Rg8 29. Re1 Qg4 30. Bxe5 f3 31. Bxg7+ Rxg7 32. Qf8+ Kh7 33. Qxf3 Qxb4
34. Qf5+ Rg6 35. Re6 1-0

[Event "Elit(Limhamn-Astorp)"]
[Site "?"]
[Date "2006.11.19"]
[Round "5"]
[White "Fagerstrom, Bjorn"]
[Black "Tadjerbashi, Amir"]
[Result "1/2-1/2"]
[WhiteElo "2217"]
[BlackElo "2199"]
[PlyCount "62"]
[EventDate "2006.??.??"]

1. e4 e5 2. Nf3 Nc6 3. Nc3 Nf6 4. g3 Bc5 5. Bg2 d6 6. d3 O-O 7. Na4 Bb6 8. Nxb6
axb6 9. O-O d5 10. exd5 Nxd5 11. Re1 Re8 12. Bd2 Bf5 13. Ng5 Qd7 14. Ne4 Bg4
15. f3 Be6 16. a3 Kh8 17. Nc3 Nde7 18. Be3 f5 19. Qd2 Ng6 20. Rad1 f4 21. Bf2
fxg3 22. hxg3 Rf8 23. d4 exd4 24. Bxd4 Rad8 25. Be3 Qf7 26. Qf2 Rxd1 27. Rxd1
Nge5 28. Bf4 Ng6 29. Bc1 Nge5 30. Bf4 Ng6 31. Bc1 Nge5 1/2-1/2

[Event "Elit(Limhamn-Astorp)"]
[Site "?"]
[Date "2006.11.19"]
[Round "5"]
[White "Penalver, Osmani"]
[Black "Helmertz, Per-Inge"]
[Result "0-1"]
[WhiteElo "2232"]
[BlackElo "2284"]
[PlyCount "106"]
[EventDate "2006.??.??"]

1. d4 Nf6 2. c4 e6 3. Nc3 Bb4 4. f3 d5 5. a3 Bxc3+ 6. bxc3 c5 7. cxd5 exd5 8.
e3 Bf5 9. Ne2 O-O 10. Ng3 Bg6 11. h4 Qc7 12. Kf2 h6 13. Bd3 cxd4 14. cxd4 Qc3
15. Bxg6 Qxa1 16. Bh7+ Nxh7 17. Qb3 Nc6 18. Bd2 Nxd4 19. Qb4 Nc2 20. Rxa1 Nxb4
21. Bxb4 Rfc8 22. Nf5 Rc2+ 23. Kg3 a5 24. Bd6 Rd8 25. Be5 f6 26. Bd4 Rd7 27. a4
Rdc7 28. Rb1 Ra2 29. Rb5 Rxa4 30. Rxd5 Nf8 31. Bb6 Rd7 32. Rc5 Ne6 33. Rc8+ Kf7
34. e4 h5 35. Ne3 Ra2 36. Nd5 f5 37. Nc3 f4+ 38. Kh3 Rc2 39. Bxa5 Rdd2 40. Nb5
Rxg2 41. Nd6+ Kg6 42. Rxc2 Rxc2 43. Nxb7 Rf2 44. Nd6 Rxf3+ 45. Kg2 Rg3+ 46. Kh2
Nd4 47. Bb6 Nf3+ 48. Kh1 Nxh4 49. e5 Rb3 50. Bf2 Nf5 51. Ne4 Ng3+ 52. Nxg3 fxg3
53. Bc5 Kf5 0-1

[Event "Elit(Limhamn-Astorp)"]
[Site "?"]
[Date "2006.11.19"]
[Round "5"]
[White "Petersson, Gosta"]
[Black "Nurmi, Tommy"]
[Result "0-1"]
[WhiteElo "2120"]
[BlackElo "2192"]
[PlyCount "78"]
[EventDate "2006.??.??"]

1. c4 f5 2. b3 Nf6 3. Bb2 e6 4. g3 d5 5. Nf3 c6 6. Bg2 Be7 7. O-O O-O 8. d3 a5
9. a3 Na6 10. Nbd2 Bd7 11. Qc2 Be8 12. e4 Nc5 13. exf5 exf5 14. Nd4 Bd7 15.
N2f3 f4 16. Ne5 Bd6 17. Nxd7 Qxd7 18. Rfe1 fxg3 19. fxg3 Rae8 20. Qc3 dxc4 21.
Qxc4+ Qf7 22. Qc2 Ng4 23. Be4 Nxe4 24. dxe4 Qf2+ 25. Qxf2 Rxf2 26. Re2 Rxe2 27.
Nxe2 Rxe4 28. Nc3 Re7 29. Kg2 Ne3+ 30. Kf3 Nf5 31. Ne4 Be5 32. Bxe5 Rxe5 33.
Kf4 Rd5 34. Re1 Nd4 35. Ng5 Rd8 36. b4 axb4 37. axb4 h6 38. Ne4 Rf8+ 39. Ke3
Nc2+ 0-1

[Event "Elit(Limhamn-Astorp)"]
[Site "?"]
[Date "2006.11.19"]
[Round "5"]
[White "Johansson, Thomas"]
[Black "Josefsson, Kenneth"]
[Result "1-0"]
[WhiteElo "2193"]
[BlackElo "1994"]
[PlyCount "80"]
[EventDate "2006.??.??"]

1. e4 Nf6 2. Nc3 e5 3. Bc4 Nxe4 4. Nf3 Nd6 5. Bb3 Nc6 6. O-O Be7 7. d4 e4 8.
Ne5 O-O 9. f3 e3 10. Bxe3 Nf5 11. Qd3 d6 12. Nxc6 bxc6 13. Bd2 d5 14. f4 Bf6
15. Ne2 a5 16. c3 g6 17. Qf3 a4 18. Bc2 Nd6 19. Ng3 Bg7 20. f5 Qh4 21. f6 Bh6
22. Bxh6 Qxh6 23. Rfe1 Qg5 24. Re5 Qh6 25. Rae1 Be6 26. Bd3 Rfe8 27. h3 Rab8
28. Qf2 Qh4 29. R1e3 Kh8 30. Kh2 Ra8 31. Rf3 Rab8 32. Rf4 Qh6 33. Nf1 Rxb2 34.
Qg3 Nf5 35. Bxf5 gxf5 36. Qh4 Qxh4 37. Rxh4 Kg8 38. Ne3 Kh8 39. Nxf5 Rg8 40.
Ng7 Rxg7 1-0

[Event "Elit(Manhem-Limhamn)"]
[Site "?"]
[Date "2007.01.20"]
[Round "6"]
[White "Jepson, Christian"]
[Black "Akesson, Joel"]
[Result "1/2-1/2"]
[WhiteElo "2453"]
[BlackElo "2375"]
[PlyCount "64"]
[EventDate "2007.01.30"]
[SourceDate "2007.01.30"]

1. d4 d5 2. c4 c6 3. Nf3 Nf6 4. Qc2 dxc4 5. Qxc4 Bf5 6. e3 Nbd7 7. Nbd2 e6 8.
Bd3 Nb6 9. Qc2 Bxd3 10. Qxd3 c5 11. O-O Be7 12. Qe2 O-O 13. dxc5 Bxc5 14. Nb3
Be7 15. e4 Qc7 16. Bg5 Qc4 17. Qxc4 Nxc4 18. Rac1 Rac8 19. Rc2 h6 20. Rfc1 hxg5
21. Rxc4 Rxc4 22. Rxc4 Rd8 23. g3 g4 24. Nfd2 b5 25. Rc2 Bb4 26. a3 Bxd2 27.
Rxd2 Rc8 28. e5 Nd5 29. Kf1 Rc4 30. Rd4 Rc2 31. Rd2 Rc4 32. Rd4 Rc2 1/2-1/2

[Event "Elit(Manhem-Limhamn)"]
[Site "?"]
[Date "2007.01.20"]
[Round "6"]
[White "Nithander, Victor"]
[Black "Ahlander, Bjorn"]
[Result "0-1"]
[WhiteElo "2420"]
[BlackElo "2541"]
[PlyCount "146"]
[EventDate "2007.??.??"]

1. e4 c5 2. Nf3 e6 3. Nc3 a6 4. d4 cxd4 5. Nxd4 b5 6. Bd3 Bb7 7. O-O Nf6 8. Qe2
Be7 9. a4 bxa4 10. Rxa4 d6 11. Nb3 Nfd7 12. Be3 O-O 13. Rfa1 Ne5 14. Na5 Bc8
15. Nc4 Nxd3 16. Qxd3 Nd7 17. Rd1 Rb8 18. b3 Qc7 19. Bd4 f6 20. Qg3 Rd8 21. h4
Ne5 22. Bxe5 dxe5 23. Rxd8+ Qxd8 24. Ra1 Rb7 25. Rd1 Rd7 26. Rxd7 Bxd7 27. Qd3
Qc7 28. Ne3 Bc5 29. Qc4 Qa7 30. Ned1 Kf7 31. Na4 Be7 32. Ndc3 Qd4 33. Qc7 Kg6
34. g3 Bb4 35. Qc4 Qxc4 36. bxc4 f5 37. f3 Bc6 38. Kf2 Kh5 39. exf5 exf5 40.
Nd5 Bd6 41. Nac3 Bc5+ 42. Ke2 a5 43. Nc7 Kg6 44. Na6 Bg1 45. Nd5 Kf7 46. Kf1
Ba7 47. Ke2 h5 48. Nac7 Bb8 49. Nb5 Ke6 50. Nb6 Bd6 51. Na4 g6 52. Ke3 Bxb5 53.
cxb5 Kd5 54. b6 Kc4 55. Kd2 Kb5 56. Nb2 Kxb6 57. Nc4+ Kc7 58. Kc3 a4 59. Ne3
Kc6 60. Kc4 Kd7 61. Nd5 Ke6 62. Nc3 a3 63. Kb3 Bc5 64. Ne2 Kf6 65. c3 g5 66.
hxg5+ Kxg5 67. f4+ exf4 68. Nxf4 Kg4 69. Ne2 Bd6 70. c4 Bc5 71. Nc1 Kxg3 72.
Nd3 h4 73. Nxc5 h3 0-1